| 000 | 00822nam a2200241 a 4500 | ||
|---|---|---|---|
| 001 | 000002715 | ||
| 003 | DO-SdBNP | ||
| 005 | 20240507122424.0 | ||
| 008 | 090703s2006 dr 001 0 spa d | ||
| 020 | _a9945856618 | ||
| 040 |
_aDO-SdBNP _bspa _cBNPHU |
||
| 082 |
_axxxx _bG643a |
||
| 100 | 1 |
_aGonzález Cano, Hugo _98566 |
|
| 245 | 1 | 0 |
_aArmonización tributaria del Mercosur / _cHugo González Cano ; prólogo Vicente Oscar Díaz. |
| 260 |
_aSanto Domingo : _bINCAT, _c2006. |
||
| 300 |
_a282 p. ; _c22 cm. |
||
| 490 | 0 |
_aPublicaciones Incat ; _v19 |
|
| 500 | _aIncluye índice | ||
| 504 | _aIncluye referencias bibliográficas y notas al pie de las páginas | ||
| 700 | 1 |
_aDíaz, Vicente Oscar, _epról. _98567 |
|
| 710 | 2 |
_aInstituto de Capacitación Tributaria (República Dominicana) _973226 |
|
| 942 |
_2ddc _cLBS1 |
||
| 999 |
_c2551 _d2551 |
||